| 000 | 00681nam a2200217 a 4500 | ||
|---|---|---|---|
| 001 | 16283 | ||
| 003 | CO-ViMGA | ||
| 008 | 141112s2004 ck r 000 u spa d | ||
| 020 | _a8480633247 | ||
| 040 |
_aCO-ViMGA _bspa _cCO-ViMGA |
||
| 082 | 0 | 4 | _a331.31 A741a |
| 100 | 1 |
_aArias Robles, Marta _923279 |
|
| 245 | 1 | 0 |
_aAdultos a la fuerza : _bLa explotación laboral de la infancia |
| 260 |
_aBarcelona (España) : _bIntermon, _c1998 |
||
| 300 | _a109.p.il.fotos | ||
| 590 | _aForma de adquisición : Premio - Mincultura | ||
| 650 | 1 | 4 |
_aDERECHO DEL NIÑO _923280 |
| 650 | 1 | 4 |
_aNIÑOS - LEGISLACION _94255 |
| 650 | 1 | 4 |
_aTRABAJO DE NIÑOS - InvestigaciónES _923281 |
| 942 |
_2ddc _cBK |
||
| 999 |
_c26180 _d26180 |
||